Statewide action plan for tobacco prevention and control in Texas /

Bibliographic Details
Corporate Author: Texas Cancer Council
Format: Government Document Book
Language:English
Published: Austin, Tex. : The Council, 2008.
Edition:1st ed.
Subjects:

MARC

Tag First Indicator Second Indicator Subfields
LEADER 00000cam a2200000Ka 4500
001 in00002402575
005 20151109100854.0
008 080513s2008 txua s000 0 eng d
035 |a (OCoLC)ocn228016756 
035 |a (OCoLC)228016756 
040 |a TXV  |c TXV  |d TXV  |d ANG  |d TXA  |d UtOrBLW 
049 |a TXAM 
086 |a C330.8 ST3ACP 2008  |2 txdocs 
110 2 |a Texas Cancer Council. 
245 1 0 |a Statewide action plan for tobacco prevention and control in Texas /  |c Texas Cancer Council. 
250 |a 1st ed. 
264 1 |a Austin, Tex. :  |b The Council,  |c 2008. 
300 |a 36 pages :  |b illustrations ;  |c 28 cm. 
336 |a text  |b txt  |2 rdacontent 
337 |a unmediated  |b n  |2 rdamedia 
338 |a volume  |b nc  |2 rdacarrier 
610 2 0 |a Texas Cancer Council  |x Planning. 
650 0 |a Smoking cessation  |z Texas. 
650 0 |a Smoking  |z Texas  |x Prevention. 
650 0 |a Smoking  |x Health aspects  |z Texas. 
948 |a cataloged  |b h  |c 2008/08/25  |e pkellar  |f 4:26:36 pm 
994 |a C0  |b TXA 
999 |a MARS 
999 f f |s 56530316-bdf9-3e60-bab2-8defb55bd9bc  |i 68e0a1f2-91a6-3834-b819-949a1e86d806  |t 0 
952 f f |p serial  |a Texas A&M University  |b College Station  |c Sterling C. Evans Library  |d Evans: Texas Documents (Annex 5th floor)  |t 0  |e C330.8 ST3ACP 2008  |h Superintendent of Documents classification  |i unmediated -- volume  |m A14838295288 
998 f f |a C330.8 ST3ACP 2008  |t 0  |l Evans: Texas Documents (Annex 5th floor)